| 000 | 00830nam a22001697a 4500 | ||
|---|---|---|---|
| 008 | 110712s1993 ua|||||r|||| 000 1 ara d | ||
| 082 |
_222 _a070.43 _bس م ي |
||
| 100 |
_98466 _aعبد السميع , عمرو. |
||
| 245 |
_aحوارات : _bالحب والفن والحرية / _cعمرو عبد السميع |
||
| 260 |
_aالقاهرة : _bالمكتبة الثقافية، [1993] _c[1993] |
||
| 300 |
_a614 ص ؛ _c24 سم |
||
| 650 |
_921028 _aالمقابلات الصحفية |
||
| 653 |
_bGeneral _cJuly2011 |
||
| 942 |
_2ddc _cBB |
||
| 999 |
_c15686 _d15686 |
||